000 00497nam a2200205Ia 4500
005 20250425162614.0
008 250425s9999 xx 000 0 und d
020 _a0130661023
041 _aeng
082 _a001.64404
100 _aTANENBAUM, ANDREW S.
245 0 _aCOMPUTER NETWORKS
250 _a4TH ED.
260 _aEstados Unidos
_bPEARSON EDUCATION
_c2002
260 _aUPPER SADDLE RIVER
300 _a891
650 _aREDES DE COMPUTADORAS
942 _c01
010 _a90061
999 _c232660
_d232660